Analýza krajov Slovenskej ekonomiky z hľadiska ich konvergencie

Nástroje podmienenej konvergencie – beta a sigma konvergencie. Výsledky z verifikácie obidvoch konvergencií na základe hrubého domáceho produktu v prepočte na rok a na obyvateľa v EUR podľa klasifikácie NUTS3 pre slovenskú ekonomiku za roky 1995 až 2013.

Gespeichert in:
Bibliographische Detailangaben
1. Verfasser: Ivaničová, Zlatica
Weitere Verfasser: Rublíková, Eva
Format: Buchkapitel
Sprache:Slowakisch
Schlagworte:
Tags: Tag hinzufügen
Keine Tags, Fügen Sie das erste Tag hinzu!

MARC

LEADER 00000nla a2200000 4500
001 0203893
005 20240502073415.5
041 0 |a slo 
044 |a SK 
245 1 0 |a Analýza krajov Slovenskej ekonomiky z hľadiska ich konvergencie  |c Zlatica Ivaničová, Eva Rublíková 
520 |a Nástroje podmienenej konvergencie – beta a sigma konvergencie. Výsledky z verifikácie obidvoch konvergencií na základe hrubého domáceho produktu v prepočte na rok a na obyvateľa v EUR podľa klasifikácie NUTS3 pre slovenskú ekonomiku za roky 1995 až 2013. 
610 2 0 |a Slovensko 
610 2 0 |a regióny 
610 2 0 |a produkt domáci hrubý 
610 2 0 |a konvergencia 
610 2 0 |a divergencia 
610 2 0 |a modelovanie ekonometrické 
610 2 0 |a výskum operačný 
100 1 |a Ivaničová, Zlatica 
700 1 |a Rublíková, Eva